The family, from institution to companionship (Record no. 16941)
[ view plain ]
| 000 -LEADER | |
|---|---|
| fixed length control field | 00351nam a22001097a 4500 |
| 008 - FIXED-LENGTH DATA ELEMENTS--GENERAL INFORMATION | |
| fixed length control field | 140207t xxu||||| |||| 00| 0 eng d |
| 100 ## - MAIN ENTRY--PERSONAL NAME | |
| Personal name | Ernest W. Burgess |
| 9 (RLIN) | 682 |
| 245 ## - TITLE STATEMENT | |
| Title | The family, from institution to companionship |
| Remainder of title | [by] Ernest W. Burgess & Harvey J. Locke. |
| 250 ## - EDITION STATEMENT | |
| Edition statement | 3rd edition |
| 300 ## - PHYSICAL DESCRIPTION | |
| Extent | xiv, 582 p. |
| Other physical details | illus., maps. |
| Dimensions | 23 cm. |
| 942 ## - ADDED ENTRY ELEMENTS (KOHA) | |
| Source of classification or shelving scheme | |
| Koha item type | Book |
| Withdrawn status | Lost status | Source of classification or shelving scheme | Damaged status | Not for loan | Collection code | Permanent Location | Current Location | Date acquired | Total Checkouts | Full call number | Barcode | Date last seen | Price effective from | Koha item type |
|---|---|---|---|---|---|---|---|---|---|---|---|---|---|---|
| Atta-ur-Rahman School of Applied Biosciences (ASAB) | Atta-ur-Rahman School of Applied Biosciences (ASAB) | 02/07/2014 | 301.108 BUR | ASAB303 | 01/21/2016 | 02/07/2014 | Book |
